Virtual boutique [Project Report BIT-9] (Record no. 10595)

000 -LEADER
fixed length control field 00592 a2200145 4500
082 ## - DEWEY DECIMAL CLASSIFICATION NUMBER
Classification number BIT-9
100 ## - MAIN ENTRY--PERSONAL NAME
Personal name Hira Ramzan and Sophia Sabir
9 (RLIN) 92517
245 ## - TITLE STATEMENT
Title Virtual boutique [Project Report BIT-9]
Statement of responsibility, etc. Hira Ramzan and Sophia Sabir
Medium English
260 ## - PUBLICATION, DISTRIBUTION, ETC.
Place of publication, distribution, etc. Islamabad.
Name of publisher, distributor, etc. NUST School of Electrical Engineering and Computer Science
Date of publication, distribution, etc. 2011.
300 ## - PHYSICAL DESCRIPTION
Extent 50p.
Other physical details ;ill.
Dimensions :27cm. +
Accompanying material CD-ROM
500 ## - GENERAL NOTE
General note Supervisors: Dr. Rihan ur Rasool and Dr. Hammad Qurreshi
700 ## - ADDED ENTRY--PERSONAL NAME
Personal name Hira Ramzan and Sophia Sabir
9 (RLIN) 92517
856 ## - ELECTRONIC LOCATION AND ACCESS
Uniform Resource Identifier <a href="http://10.250.8.41:8080/xmlui/handle/123456789/5120">http://10.250.8.41:8080/xmlui/handle/123456789/5120</a>
942 ## - ADDED ENTRY ELEMENTS (KOHA)
Koha item type Project Report
Call number prefix BIT-9 HIR
Source of classification or shelving scheme
Holdings
Withdrawn status Lost status Damaged status Not for loan Permanent Location Current Location Date acquired Full call number Barcode Date last seen Price effective from Koha item type Source of classification or shelving scheme Shelving location
WITHDRAWN       Central Library (CL) Central Library (CL) 07/04/2022 BIT-9 HIR SEECSP01023 11/14/2012 11/14/2012 Project Report    
WITHDRAWN       Central Library (CL) Central Library (CL) 10/23/2020 004 CL-BP-623 10/23/2020 10/23/2020 Project Report   Thesis
© 2023 Central Library, National University of Sciences and Technology. All Rights Reserved.